Counting to 10 with Geography - Statistics

General Stats
  • This quiz has been taken 94 times
  • The average score is 4 of 10
Answer Stats
Question Answer % Correct
10 Countries starting with P
75%
3 Number of capitals in South Africa
75%
6 Countries starting with K
50%
5 Boroughs in New York City
25%
1 Countries starting with New
25%
4 Megacities in Africa
25%
8 Megacities in Europe and Africa
25%
9 Megacities in India and China
25%
7 States bordering Kentucky
25%
2 Megacities in US
0%
No matching quizzes found
Score Distribution
Percent of People with Each Score
Percentile by Number Answered
Your Score History
You have not taken this quiz